000 00619nam a22002057a 4500
999 _c516
_d516
005 20190819152804.0
008 190819b ||||| |||| 00| 0 eng d
020 _a9780143118589
040 _cKH8
082 _aFIC FFO
100 _aFforde, Jasper
245 _aShades of grey :
_b the road to High Saffron /
_cJasper Fforde
246 _aShades of grey :
_ba novel /
260 _aNew York :
_bPenguin Books, 2011,
_ccop. 2009.
300 _a1 vol. (390 p.) :
_bill. ;
_c20 cm.
650 _aColor blindness
_vFiction.
650 _aSocial structure
_vFiction.
650 _aSocial structure.
942 _2ddc
_cFIC